000 00397nam a22001577a 4500
003 MPLRDC
005 20220104170408.0
008 210129b ||||| |||| 00| 0 eng d
082 _a241.02 IBS
100 _aINTERNATIONAL BIBLE SOCIETY
245 _aHOLY BIBLE
_c
260 _a
_bINTERNATIONAL BIBLE SOCIETY
_c
300 _b
650 _a基督教--圣经提要
942 _cBK
_o241.02 IBS
999 _c57924
_d57914